00700nam a22002177a 450000500170000000800410001702000180005804000180007608200220009410000250011624501190014125000120026026000610027230000240033365000290035765000220038665000170040870000190042570000200044470000180046420220401132450.0220331b ||||| |||| 00| 0 eng d a9781685762605 cAIMIT LIBRARY 21a658.3044bTONK aTongkachok, Korakod. aSocio- economic implication of human resource management in contemporary world /cBy Korakod Tongkachok...[et al]. a1st ed. aChikkamagaluru :bINSC International Publishers ;c2021. avi, 193p. ;c25 cm. aHuman capital management aInternational HRM aHRM policies aNagpal, Pooja. aBabu, T Naresh. aKaur, Simtan.